| 000 | 00908nam a2200253Ia 4500 | ||
|---|---|---|---|
| 003 | OSt | ||
| 005 | 20220923222111.0 | ||
| 006 | a|||||r|||| 00| 0 | ||
| 007 | ta | ||
| 008 | 220922b |||||||| |||| 00| 0 hin d | ||
| 024 | _a203,026 | ||
| 037 | _cTextual | ||
| 040 |
_aARTS _cARTS _bhin |
||
| 041 |
_2hin _ahin |
||
| 082 | _aO157,1M25,13, 152F9 | ||
| 100 |
_aदत्त, माइकेल मधसूदन; मधुप, अनु. _9165927 |
||
| 245 | 0 | _aविरहिणी ब्रजागंना | |
| 246 | _aVirahiṇī brajāgannā | ||
| 260 |
_aचिरगांव _b साहित्य सदन _c1929 |
||
| 300 |
_a47पृ. _ccm. |
||
| 650 |
_aबंगाली साहित्य _9156264 |
||
| 942 |
_hO157,1M25,13, 152F9 _cTEXL _2CC |
||
| 999 |
_c353807 _d353807 |
||